Programa para pilotos y capitanes de la Marina Mercante
Descripción Física:
[8] p. ; 17 cm
MARC
| LEADER | 00000nam a2200000Ia 4500 | ||
|---|---|---|---|
| 001 | 15895 | ||
| 008 | 160829s9999 xx 000 0 cat d | ||
| 080 | |a RF-12-63 | ||
| 245 | |a Programa para pilotos y capitanes de la Marina Mercante | ||
| 260 | |a Barcelona : |b (Imp. F. Giró), [19--?] | ||
| 300 | |a [8] p. ; |c 17 cm | ||
| 650 | |a Pilots de vaixell |x Espanya |x Currículums |9 39110 | ||
| 650 | |a Capitans de vaixell |x Espanya |x Currículums |9 39111 | ||
| 856 | 4 | |u https://media.diba.cat/diba/fitxers/arxiu/fulletons/bib_15895_baixa.pdf |y Accés lliure | |
| 856 | 4 | |u https://media.diba.cat/diba/fitxers/arxiu/fulletons/bib_15895_baixa.pdf |y Accés lliure | |
| 901 | |a Arxiu | ||
| 942 | |n 1 |2 udc | ||
| 952 | |0 0 |1 0 |4 0 |6 RF1263 |7 1 |9 48808 |a Arxiu |b Arxiu |d 2016-12-01 |l 0 |o RF-12-63 |p 15895 |r 2016-12-01 00:00:00 |w 2016-12-01 |y ARXIU | ||
| 999 | |c 52641 |d 52641 | ||
| 900 | |a bib_15895_baixa.pdf | ||